000 01732nam a2200289Ia 4500
999 _c55447
_d55447
001 22529
003 GE_BSU
005 20210406142843.0
008 181216s2016||||ge |||||||||||||| ||geo||
040 _cGE_BSU
041 _ageo
080 _a81 ქ-20
100 _aქამადაძე, ლელა
_911114
245 _aანდაზის სტრუქტურულ-სემანტიკური და ეთნოკულტურულითავისებურებანი :
_bინგლისური და ქართული ანდაზების მიხედვით /
_cლელა ქამადაძე; სამეცნიერო ხელმძღვანელი ნინო დვალიძე; ბსუ.
264 _aბათუმი,
_c2017
300 _a184 გვ. ;
_bილ.
_c30 სმ.
300 _eბიბლიოგრ. გვ. 173-184
504 _aბიბლიოგრ. გვ. 170-183
653 _aანდაზის სტრუქტურულ-სემანტიკური და ეთნოკულტურულითავისებურებანი
653 _aენათმეცნიერება
653 _aინგლისური და ქართული ანდაზების მიხედვით
653 _aფილოლოგია
653 _aდისერტაცია
700 _aდვალიძე, ნინო
_eსამეცნიერო ხელმძღვანელი
_910815
710 _aბსუ
_bჰუმანიტარულ მეცნიერებათა ფაკულტეტი
_911115
942 _cBK
_2udc